000 00293nam a2200121Ia 4500
008 240624s9999 xx 000 0 und d
041 _aeng
082 _a332.72 REE
100 _aREED DAVID
245 _aMORTGAGE CONFIDENTIAL
260 _c2010
_aNew Delhi
_bTata McGraw-Hill
365 _cRS
_b33
999 _c26447
_d26447